=LDR 00000nam 2200000 4500 =001 INLIS000000000003958 =005 20130612092243 =008 ***********************************Ind** =035 ##$$0010-061300000003958 =041 ##$$a Ind =082 ##$$a 959.8 =090 ##$$a 959.8, Kar a =100 ##$$a Kartadimaja, Ramadhan =245 ##$$a A.E.Kawilarang untuk Sang Merah Putih, pengalaman 1942-1961, ditulis oleh Ramadhan KH =260 ##$$a 1988 $b Jakarta =300 ##$$a 307 hlm., ilus., 21 cm =650 ##$$a Indonesia =650 ##$$a Sejarah =850 ##$$a NBPNMAT